000 00611nam a2200181Ia 4500
008 100921s9999 xx 000 0 und d
082 _b11383
_a808.068 थ 75
100 _aआफळे अशोक.
245 _aचतुर सुगंधा.
260 _bइंद्रायणी साहित्य,पुणे.
_c1975
300 _a32
_b---
365 _b1.2
520 _aललित-बालवाङ्रमय.
630 _aचतुर सुगंधा.
650 _aललित-बालवाङ्रमय.
730 _aचतुर सुगंधा.
942 _cBOOK
999 _c760496
_d760493